000 00290nam a22001337a 4500
008 171009b xxu||||| |||| 00| 0 eng d
020 _a9780465082766
041 _aeng
080 _a159.9
100 _a49
101 _aPSI
245 _aSTUDIES ON HYSTERIA
_cBREUER, J
942 _2udc
_cBK
999 _c32698
_d32698